000 01436cam a2200373 i 4500
001 10469
003 Mx-PuUPA
005 20221205121852.0
008 140415s1991 sp a gre 001 0 spa d
017 _aM. 8.888-1961
020 _a8423925566
_qtomo 26
040 _aMx-PuUPA
_bspa
_cMx-PuUPA
_dMx-PuUPA
_erda
041 0 _aspa
245 0 3 _aLa escultura y la arquitectura españolas del siglo XVII /
_cJosé Hernández Díaz, Juan José Martín González, José Manuel Pita Andrade
250 _aQuinta edición
264 1 _aMadrid :
_bEspasa-Calpe,
_c1991
_c©1982
300 _a758 páginas :
_bilustraciones (algunas a color) ;
_c28 cm
336 _2rdacontent
_atexto
_btxt
336 _2rdacontent
_aimagen fija
_bsti
337 _2rdamedia
_asin medio
_bn
338 _2rdacarrier
_avolumen
_bnc
490 1 _aSumma artis, historia general del arte ;
_v26
650 7 _aArte
_xHistoria
_2armarc
655 7 _2armarc
_aEnciclopedias
700 1 _aHernández Díaz, José,
_eautor
700 1 _aMartín González, Juan José,
_eautor
_99277
700 1 _aPita Andrade, José Manuel,
_eautor
785 0 0 _aCamón Aznar, José,
_bTercera edición
_dMadrid : Espasa-Calpe, 1989
_tArte español del siglo XVIII
_w(Mx-PuUPA) 10467
_z8423952274
830 0 _912114
_aSumma artis, historia general del arte
_v26
942 _2ddc
_cLI
_h709
_iS955
999 _c10469
_d10469